La réponse est super... ! - Statistiques

Statistiques générales
  • Ce quiz a été pris 3 036 fois
  • Le résultat moyen est 13 sur 20
Statistiques - réponses
Indice Réponse % Correct
Aussi connu sous le nom de Clark Kent Superman
99%
Ce que sont Batman, Hulk ou Iron Man par exemple Superhéros
92%
Magasin à grande surface en libre-service Supermarché
91%
Série de jeux vidéo mettant en scène un petit plombier Super Mario
91%
Explosion d’une étoile en fin de vie Supernova
86%
Qui n'est pas essentiel, pas nécessaire Superflu
78%
Contrôler un travail effectué par d'autres Superviser
76%
Mesure d'une surface Superficie
74%
Empiler, entasser les uns sur les autres Superposer
72%
Un belle tromperie ! Supercherie
70%
Finale de la Ligue de football américain Super Bowl
68%
En quoi Son Goku peut se transformer Super Saiyan
66%
Console japonaise lancée en 1990 Super Nintendo
65%
Croyance irraisonnée aux présages, aux signes Superstition
63%
Qui dépasse Mach 1 Supersonique
44%
Ils chantent "Lola", "Butterfly" ou "Travel the World" Superbus
40%
Il se trouve au sommet de la chaîne alimentaire Superprédateur
40%
Terme qui exprime le plus haut degré d'une qualité Superlatif
21%
Format de film lancé par Kodak en 1965 Super 8
18%
À l'image de certains trous noirs Supermassif
14%
Aucun quiz correspondant
Distribution des résultats
% des personnes avec chaque résultat
Percentile par nombre de réponses
Votre historique - résultats
Vous n’avez pas pris ce quiz